00492nam a2200181Ia 450000500170000000800410001704000190005804100120007708200180008910000220010724500680012925000130019726000370021030000140024750400170026165000220027885000100030020240223102351.0131103s9999 xx 000 0 und d aLoreto College aEnglish a370.954 bMOH aMohanty,Jagannath aIndian Education in the Emerging Society, cJagannath Mohanty a3rd. ed. aDelhibSterling Publishersc1986 ax,205 p.  aReprint 1988 aEducation - India aLCLIB